Introducción al derecho administrativo I / (Record no. 114145)

MARC details
000 -LEADER
fixed length control field 00752nam a22001937a 4500
005 - DATE AND TIME OF LATEST TRANSACTION
control field 20160303112805.0
008 - FIXED-LENGTH DATA ELEMENTS--GENERAL INFORMATION
fixed length control field 160303b mx||||| |||| 00| 0 spa d
020 ## - INTERNATIONAL STANDARD BOOK NUMBER
International Standard Book Number 9684526024
050 04 - LIBRARY OF CONGRESS CALL NUMBER
Classification number KGF3230
Item number C67 1992
100 1# - MAIN ENTRY--PERSONAL NAME
Personal name Cortiñas-Peláez, Léon
245 10 - TITLE STATEMENT
Title Introducción al derecho administrativo I /
Statement of responsibility, etc León Cortiñas-Peláez ; colaboración de Léon Cortiñas-Peláez... [et al].
250 ## - EDITION STATEMENT
Edition statement 1a ed.
260 ## - PUBLICATION, DISTRIBUTION, ETC. (IMPRINT)
Place of publication, distribution, etc México :
Name of publisher, distributor, etc Porrúa,
Date of publication, distribution, etc c1992
300 ## - PHYSICAL DESCRIPTION
Extent 361 p. ;
Dimensions 21 cm.
505 ## - FORMATTED CONTENTS NOTE
Formatted contents note Contenido : En las respectivas redacción-base que se indican en los apartados (Un texto actualizado de los programas oficiales)
650 #7 - SUBJECT ADDED ENTRY--TOPICAL TERM
Source of heading or term Lemb
Topical term or geographic name as entry element Derecho administartivo
Geographic subdivision México
700 ## - ADDED ENTRY--PERSONAL NAME
Personal name León Cortiñas-Peláez
Relator term colab.
942 ## - ADDED ENTRY ELEMENTS (KOHA)
Source of classification or shelving scheme Biblioteca del Cogreso de los Estados Unidos
Koha item type Libro
Holdings
Estado de pérdida Fuente de clasificación Estado del daño No para préstamo Ubicación permanente Ubicación actual Apartado o colección Fecha de adquisición Edición Enumeración de Serie / Cronológica Dependencia de educación superior (DES) Área del conocimiento Clasificación Código de Barras Date last seen Número de copia Tipo de recurso
  Biblioteca del Cogreso de los Estados Unidos     Biblioteca de la Facultad de Derecho y Ciencias Sociales "Felipe J. Tena" Biblioteca de la Facultad de Derecho y Ciencias Sociales "Felipe J. Tena" General 03/03/2016 1a ed. BFD000007413 Derecho Ciencias Sociales y Administrativas KGF3230 C67 1992 BFD000007413 03/03/2016 1 Libro
  Biblioteca del Cogreso de los Estados Unidos     Biblioteca de la Facultad de Derecho y Ciencias Sociales "Felipe J. Tena" Biblioteca de la Facultad de Derecho y Ciencias Sociales "Felipe J. Tena" General 03/03/2016 1a ed. BFD000007414 Derecho Ciencias Sociales y Administrativas KGF3230 C67 1992 BFD000007414 03/03/2016 2 Libro